00286nam a2200133Ia 45000030006000000080041000060400015000471000016000622450025000782500011001032600009001145460012001230050017001350STCL150530s9999 xx 000 0 und d aSTCLcSTCL aLucas, E.V. aCharacter and comedy aNineth c1920 aEnglish20220125171145.0